Statistics for The Only Country...

Click here to take the quiz!

General Stats

  • This quiz has been taken 82 times
  • The average score is 13 of 15

Answer Stats

CriterionCountry% Correct
The only country that shares a land border with BOTH Norway and North KoreaRussia
99%
The only country that share a land border with BOTH Argentina and VenezuelaBrazil
97%
The only country that shares a land border with BOTH Greece and IranTurkey
97%
The only country that shares a land border with DenmarkGermany
96%
The only country in Central America without a coast in the Pacific OceanBelize
94%
The only South American country with territory in PolynesiaChile
94%
The only country with three (3) capital citiesSouth Africa
94%
The only European country with territorial possessions in mainland AfricaSpain
91%
The only country that shares a maritime border with BOTH India and AustraliaIndonesia
88%
The only country that shares a land border with BOTH Afghanistan and RussiaChina
87%
The only country in Central America without a coast in the Caribbean SeaEl Salvador
87%
The only country that shares a land border with BOTH the Netherlands and BrazilFrance
85%
The only African country west of the 20th meridian west (20°W)Cape Verde
79%
The only doubly landlocked country in AsiaUzbekistan
78%
The only country that shares a land border with BOTH Cyprus and SpainUnited Kingdom
77%

Score Distribution

Percentile by Number Answered

Percent of People with Each Score

Your Score History

You have not taken this quiz